000 00369 a2200169 4500
001 178612
020 _a85-06-00019-X
040 _cMagnum
100 _aAzevedo, Ricardo
240 1 0 _aUm homem no sotão
_lpor
245 1 0 _aUm homem no sotão
300 _a28
362 0 _a1993
440 1 _aMelhoramentos
697 _aLITERATURA INFANTO-JUVENIL
942 _cBK
999 _c178612
_d178612